000 00427nam a2200181Ia 4500
005 20250603144549.0
008 250603s9999 xx 000 0 und d
020 _a9780439724135
050 _aPZ 7 .A48/
100 _aAlvarez, Julia.
245 0 _aBefore we were free
260 _aNew York
260 _bHoughton Mifflin Harcourt Publishing
260 _c2002
300 _a175 p
650 _aNew York
942 _cBK
999 _c39291
_d39291